Tư tưởng Hồ Chí Minh và Đảng Cộng sản Việt Nam về xây dựng con người mới, văn hóa mới

Na minha lista:
Detalhes bibliográficos
Autor principal: Nguyễn Trung Thu
Formato: Livro
Idioma:Vietnamese
Publicado em: H. Chính trị Quốc gia 2013
Assuntos:
Tags: Adicionar Tag
Sem tags, seja o primeiro a adicionar uma tag!
Thư viện lưu trữ: Mạng thư viện Đại học Đà Nẵng
LEADER 01228nam a2200337 4500
001 000019873
003 16314
005 20141128091108.0
008 141118s2013 viesd
020 |c 60000 
041 0 |a vie 
082 1 4 |a 335.4346  |b NG-T 
100 1 |a Nguyễn Trung Thu 
245 1 0 |a Tư tưởng Hồ Chí Minh và Đảng Cộng sản Việt Nam về xây dựng con người mới, văn hóa mới  |c Nguyễn Trung Thu 
260 |a H.  |b Chính trị Quốc gia  |c 2013 
300 |a 367 tr.  |c 20 cm. 
500 |a Thư mục tr. 365-367 
650 0 4 |a Tư tưởng Hồ Chí Minh  |x Xây dựng 
650 0 4 |a Đảng Cộng Sản Việt Nam  |x Văn hóa mới 
653 |a Đảng Cộng Sản Việt Nam 
653 |a Tư tưởng Hồ Chí Minh 
OWN |a LSP 
AVA |a UDN50  |b LSP  |d 335.4346 NG-T  |e available  |t Error 5001 Not defined in file expand_doc_bib_avail.  |f 5  |g 0  |h N  |i 0  |k 1 
999 |a From the UDN01 
AVA |a UDN50  |b LSP  |d 335.4346 NG-T  |e available  |t Error 5001 Not defined in file expand_doc_bib_avail.  |f 5  |g 0  |h N  |i 0  |k 1 
TYP |a Monograph 
TYP |a Printed language 
980 |a Mạng thư viện Đại học Đà Nẵng